00984nabaa22002177a 4500999001500000003000400015005001700019008004100036040000700077100003200084245011600116300001200232500003700244505015300281505008900434650003200523650003200555650003900587773012700626942001300753 c6200d6200OSt20260125203823.0190701b xxu||||| |||| 00| 0 spa d cPJ 96932aDelpiazzo, Carlos E. 10aEquilibrio entre la rigidez constitucional y la mutabilidad del derecho administrativo /cCarlos E. Delpiazzo.  ap. 8-17 aCita: TR LALEY AR/DOC/2732/2024  aSumario: I. Objeto.— II. La experiencia uruguaya.— III. Equilibrio entre rigidez y mutabilidad.— IV. Desafíos actuales.— V. Conclusión.  t¿Te interesa el texto completo? Comunicate al correo: koha@justierradelfuego.gov.ar 09211aDERECHO ADMINISTRATIVO 09178aDERECHO CONSTITUCIONAL 09872aINTERPRETACION CONSTITUCIONAL0 0284293251dBuenos Aires : AbeledoPerrot, 2012-oDA121tDerecho administrativo. Nº 156 noviembre/diciembre 2024z18510590 2udccANA